National integration in India (Record no. 17310)

MARC details
000 -LEADER
fixed length control field 00269nam a2200121Ia 4500
082 ## - DEWEY DECIMAL CLASSIFICATION NUMBER
Classification number RR.0060
100 ## - MAIN ENTRY--AUTHOR NAME
Personal name Ruhela, S.P.
245 #0 - TITLE STATEMENT
Title National integration in India
260 ## - PUBLICATION, DISTRIBUTION, ETC. (IMPRINT)
Year of publication 1971
300 ## - PHYSICAL DESCRIPTION
Number of Pages 122p.
942 ## - ADDED ENTRY ELEMENTS (KOHA)
Koha item type Books
Holdings
Withdrawn status Lost status Damaged status Not for loan Home library Current library Date acquired Full call number Accession Number Price effective from Koha item type
        NASSDOC Library NASSDOC Library 08/10/2004 RR.0060 13331 18/04/2019 Books